| 000 | 01166nam2a22002411 4500 | ||
|---|---|---|---|
| 001 | rc\4329856 | ||
| 005 | 20250612051447.0 | ||
| 021 |
_aRU _b[69-86098] |
||
| 035 | _a(NLR Aleph) 008517302 | ||
| 090 |
_a8206482 _c8206482 |
||
| 100 | _a20130416d1969 |||y0rusy50 ca | ||
| 101 | 0 | _arus | |
| 102 | _aRU | ||
| 105 | _ac z |||a| | ||
| 200 | 1 | _aРассказы, очерки. 1896-1897 | |
| 210 |
_d1969 _aБ. м. |
||
| 215 | _a599 с., 1 л. портр. | ||
| 461 | 0 |
_1001rc\4329853 _12001#$aПолное собрание сочинений$eХудож. произведения в 25 т.$eТ. 1-$f[АН СССР. Ин-т мировой литературы им. А.М. Горького]$vТ. 3 _1700#1$aГорький$bМ.$f1868-1936$gМаксим$3RU\NLR\auth\77104 _98206466 _aГорький, М. (1868-1936) _cМосква _d1968- _f[АН СССР. Ин-т мировой литературы им. А.М. Горького] _nНаука _oХудож. произведения в 25 т. : Т. 1- _tПолное собрание сочинений _vТ. 3 |
|
| 801 | 0 |
_aRU _bNLR _gpsbo |
|
| 801 | 1 |
_aRU _bELAR _2rusmarc |
|
| 852 |
_aNLR _j69-3/1714 |
||
| 942 | _cBOOK | ||
| 980 | _aNB | ||